LEADER 01123nam2-2200349---450- 001 990003206530203316 005 20090316153556.0 010 $a978-1-4073-0236-2 035 $a000320653 035 $aUSA01000320653 035 $a(ALEPH)000320653USA01 035 $a000320653 100 $a20090316d2008----km-y0itaa50------ba 101 0 $aspa 102 $aUK 105 $aa|||z|||001yy 200 1 $a<> inkario en los valles del sur andino boliviano$elos yamparas entre la arqueología y etnohistoria$fvolumen editado por Sonia Alconini 210 $aOxford$cArchaeopress$d2008 215 $aIV, 144 p.$cill.$d30 cm 225 2 $aBAR International series$v1868 410 0$1001000018484$aBAR International series 607 0 $aBolivia$xZone archeologiche 676 $a984 702 $aALCONINI,$bSonia 801 0$aIT$bsalbc$gISBD 912 $a990003206530203316 951 $aXI.5. Coll. 12/436$b214697 LM$cXI.5. Coll.$d00202766 959 $aBK 969 $aUMA 979 $aSENATORE$b90$c20090316$lUSA01$h1535 996 $aInkario en los valles del sur andino boliviano$91012145 997 $aUNISA LEADER 01207nlm 2200277Ia 450 001 996412848503316 005 20210428122334.0 100 $a19831111d1654---- uy | 101 0 $aeng 102 $aUS 135 $adrcnu 200 1 $aUltima, the last things in reference to the first and middle things, or, Certain meditations on life, death, judgement, hell, right purgatory, and heaven$fdelivered by Isaac Ambrose 210 1 $aLondon$cPrinted by T.R. and E.M. for J.A. and are to be sold by Nathaniel Webb and William Grantham ...$d1654 215 $aTesto elettronico (PDF) (228 p.) 230 $aBase dati testuale 300 $aNumero ala A2971 cancellato in Wing (CD-ROM, 1996); sostituito da A2962. 300 $aRiproduzione degli originali nella British Library e nella Huntington Library. 606 0 $aVita cristiana$2BNCF 676 $a248.8 700 1$aAMBROSE,$bIsaac$f1604-1664.$0792755 801 0$bcba$aIT$bcba$gREICAT 912 $a996412848503316 959 $aEB 969 $aER 996 $aUltima, the last things in reference to the first and middle things, or, Certain meditations on life, death, judgement, hell, right purgatory, and heaven$91772833 997 $aUNISA